| 000 | 00575nam a22001577a 4500 | ||
|---|---|---|---|
| 005 | 20251108172009.0 | ||
| 008 | 250721s1990 xx 000 0 ara d | ||
| 082 | 1 | 4 | _a811.409/بشر |
| 100 | 1 | _aالخطيب، بشرى محمد علي | |
| 245 | 1 | 0 | _aالقصة و الحكاية في الشعر العربي في صدر الإسلام و العصر الأموي / |
| 264 | 1 |
_aبغداد : _bدار الشؤون الثقافية العامة - آفاق عربية، _c1990. |
|
| 300 | _a388ص | ||
| 650 | 1 | 7 | _aالشعر الأموي |
| 942 |
_2ddc _cBK |
||
| 999 |
_c67859 _d67859 |
||